Dance Moms - signes astrologiques - Statistiques

Statistiques générales
  • Ce quiz a été pris 6 fois
  • Le résultat moyen est 19 sur 33
Statistiques - réponses
Hint Réponse % Correct
Mackenzie Gémeaux
100%
Maddie Balance
83%
Chloé Gémeaux
83%
Paige Scorpion
83%
JoJo Taureau
83%
Kalani Balance
67%
Nia Gémeaux
67%
Kendall Sagittaire
67%
Brooke Verseau
67%
Abby Vierge
67%
Pressley Balance
50%
Stacey Balance
50%
Hannah Bélier
50%
Cathy Bélier
50%
Brynn Cancer
50%
Liliana Cancer
50%
Elliana Cancer
50%
Tricia Cancer
50%
Brady Capricorne
50%
Ashlee Capricorne
50%
GiaNina Gémeaux
50%
Mélissa Gémeaux
50%
Jill Lion
50%
Kira Lion
50%
Michelle Lion
50%
Christi Poisson
50%
Yolanda Poisson
50%
Jess Sagittaire
50%
Ashley Sagittaire
50%
Ann Scorpion
50%
Kelly Taureau
50%
Holly Taureau
50%
Sarah Verseau
50%
Aucun quiz correspondant
Distribution des résultats
% des personnes avec chaque résultat
Percentile par nombre de réponses
Votre historique - résultats
Vous n’avez pas pris ce quiz